Congolese players in Premier League (2000-) - Statistics

General Stats
  • This quiz has been taken 33 times
  • The average score is 7 of 21
Answer Stats
Ranking Player Positions Nationality Matches Goals (assists) Periods Clubs % Correct
3 Yoane Wissa MF, FW 137 45 (11) 2021-2025
100%
4 Yannick Bolasie MF, FW 119 11 (17) 2013-2018
88%
8 Axel Tuanzebe DF 50 0 (1) 2016-2017, 2019-2021, 2024-2025
77%
5 Arthur Masuaku DF, MF, FW 105 1 (9) 2016-2022
73%
1 Youssouf Mulumbu MF 164 11 (9) 2008-2009, 2010-2016
50%
9 Chancel Mbemba DF 42 0 (0) 2015-2016, 2017-2018
46%
13 Neeskens Kebano MF, FW 29 0 (3) 2018-2019, 2020-2021, 2022-2023
31%
6 Benik Afobe FW 63 10 (3) 2015-2018
27%
10 Dieumerci Mbokani FW 41 7 (2) 2015-2017
27%
18 Gaël Kakuta MF, FW 17 1 (0) 2009-2012
23%
21 Kazenga LuaLua MF, FW 7 0 (0) 2007-2008, 2010-2011
23%
2 Lomana LuaLua MF, FW 153 24 (12) 2000-2007
23%
14 Pelly Ruddock Mpanzu MF 27 0 (0) 2023-2024
23%
15 Giannelli Imbula MF 26 2 (0) 2015-2017
19%
12 Grady Diangana MF, FW 37 1 (1) 2018-2019, 2020-2021
19%
19 Edo Kayembe MF 13 0 (0) 2021-2022
15%
20 Beni Baningime DF, MF 8 0 (0) 2017-2018
12%
11 Elias Kachunga MF, FW 39 1 (1) 2017-2019
12%
17 Arnold Mvuemba MF, FW 21 1 (0) 2006-2009
4%
7 Hérita Ilunga DF 62 0 (3) 2008-2011
4%
16 Shabani Nonda FW 25 7 (2) 2006-2007
4%
No matching quizzes found
Score Distribution
Percent of People with Each Score
Percentile by Number Answered
Your Score History
You have not taken this quiz